Návrh skrine prevodovky pre pohon zadnej nápravy elektromobilu

Gespeichert in:
Bibliographische Detailangaben
1. Verfasser: Nemec, Tomáš (Verfasst von)
Weitere Verfasser: Milesich, Tomáš (Betreuung Doktorarbeit)
Format: Manuskript Buch
Sprache:Slowakisch
Veröffentlicht: 2020
Schlagworte:
Online-Zugang:http://is.stuba.sk/zp/portal_zp.pl?podrobnosti=150586
Tags: Tag hinzufügen
Keine Tags, Fügen Sie das erste Tag hinzu!

MARC

LEADER 00000ntm a22000003a 4500
001 stuzp81168
003 SK-STU
005 20200711211054.9
007 ta
008 150427s2015----xo-----f-mn---000-0-slo-d
040 |a STU  |b slo 
041 0 |a slo 
100 1 |a Nemec, Tomáš  |u 020030  |k Z4  |4 aut  |U SjF Strojnícka fakulta  |T SjF Ústav dopravnej techniky a konštruovania  |X 81443  |U J0030  |Y 806  |7 81443 
242 0 1 |a Design of gear housing for electric vehicle rear axle drive  |y eng 
245 1 0 |a Návrh skrine prevodovky pre pohon zadnej nápravy elektromobilu 
260 |c 2020 
650 4 |a Natural frequency  |2 eng 
650 4 |a Bearing  |2 eng 
650 4 |a Drive  |2 eng 
650 4 |a Gearbox  |2 eng 
650 4 |a Housing  |2 eng 
650 4 |a Vlastná frekvencia  |2 slo 
650 4 |a Ložisko  |2 slo 
650 4 |a Hnacia  |2 slo 
650 4 |a Prevodovka  |2 slo 
650 4 |a Skriňa  |2 slo 
700 1 |a Milesich, Tomáš  |u 020030  |k Z2  |4 ths  |U SjF Strojnícka fakulta  |T SjF Ústav dopravnej techniky a konštruovania  |X 49630  |U J0030  |Y 806  |7 A000049630 
856 4 |u http://is.stuba.sk/zp/portal_zp.pl?podrobnosti=150586